[Event "24th Bosnjaci Open 2019"]
[Site "Bosnjaci"]
[Date "2019.01.06"]
[Round "6.4"]
[White "Rogulj, Branko"]
[Black "Stocko, Josip"]
[Result "1/2-1/2"]
[WhiteElo "2413"]
[BlackElo "2282"]
[Annotator "TA"]
[PlyCount "97"]
[EventDate "2019.01.03"]
[EventType "swiss"]
[EventCountry "CRO"]
[SourceTitle "playchess.com"]
[Source "ChessBase"]
[SourceQuality "1"]

{[%evp 13,97,15,15,15,15,8,17,14,20,23,26,10,7,12,39,12,14,14,33,24,31,31,32,28,23,7,7,0,8,11,0,0,0,-11,-24,-16,-14,-20,-14,-20,-21,-20,-5,-36,-15,-11,-8,-12,-9,-4,0,0,0,0,0,-15,0,-75,-89,-83,-75,-82,-85,-102,-61,-60,0,0,0,0,0,-38,0,-38,0,-54,-47,-54,0,0,0,0,0,0,0,0]} 1. e4 c5 2. Nc3 d6 3. f4 g6 4. Nf3 Bg7 5. Bc4 Nc6 6. O-O Na5 7. Bb5+ {B23: Closed Sicilian: Lines without g3} Bd7 {LiveBook: 4 Games} 8. Bxd7+ Qxd7 9. d3 Nh6 (9... Nc6 10. Qe1 Nd4 11. Nxd4 cxd4 12. Ne2 Rc8 13. c4 dxc3 14. bxc3 Nf6 {½-½ (26) Babujian,L (2500)-Andriasian,Z (2621) Yerevan 2014}) 10. Ne2 $146 ({Predecessor:} 10. Qe1 Nc6 11. h3 O-O 12. Qh4 f5 13. Be3 e6 14. Ng5 Rac8 {½-½ (33) Biti,O (2261)-Faraci,A (2104) Imperia 1999}) 10... Nc6 11. c3 O-O 12. Ng3 d5 13. h3 e6 14. e5 f6 15. d4 cxd4 16. cxd4 Rac8 17. Bd2 Qc7 18. Kh1 Qb6 19. Bc3 fxe5 20. fxe5 Nf5 21. Nxf5 Rxf5 22. Qd3 Bh6 23. g4 Rf7 24. g5 Bg7 25. Nh2 Rxf1+ 26. Rxf1 Ne7 27. Ng4 Nf5 28. Kh2 Qc6 29. Ne3 Nxe3 30. Qxe3 Qc4 31. Ra1 $1 Rf8 32. Kg2 Rf5 33. b3 Qa6 34. a4 h6 35. h4 (35. gxh6 $11 Bxh6 36. Qxh6 Qe2+ 37. Kg1 Qf2+ 38. Kh1 Qf3+ {[%mdl 64] Double Attack} 39. Kh2 Qxc3 40. Qxg6+ Kf8 41. Ra2 Qxd4 42. Qxe6 Qf4+ 43. Kh1) 35... hxg5 $17 36. hxg5 {[#]} Bf8 $1 37. Rg1 Be7 38. Kh2 Rf1 (38... Kg7 {seems wilder.} 39. Bd2 b6 40. Bc1 Qc8 41. Rg2 Rf1) 39. Bd2 Rxg1 (39... Rf8 $15) 40. Kxg1 $11 Qc6 41. Qd3 Kg7 42. Kg2 a6 43. Kf2 Qe8 44. Qh3 ({Better is} 44. Qc3 $11) 44... Qf7+ $15 45. Qf3 Qxf3+ (45... Qf5 $15) 46. Kxf3 $11 {The position is equal.} Kf7 47. Ke2 Ke8 48. b4 b5 49. a5 {Accuracy: White = 57%, Black = 55%.} 1/2-1/2

[Event "24th Bosnjaci Open 2019"]
[Site "Bosnjaci"]
[Date "2019.01.06"]
[Round "6.5"]
[White "Zufic, Miroslav"]
[Black "Muha, Miljenko"]
[Result "0-1"]
[WhiteElo "2389"]
[BlackElo "2310"]
[Annotator "TA"]
[PlyCount "60"]
[EventDate "2019.01.03"]
[EventType "swiss"]
[EventCountry "CRO"]
[SourceTitle "playchess.com"]
[Source "ChessBase"]
[SourceQuality "1"]

{[%evp 18,60,0,0,0,0,0,0,0,-8,8,15,9,0,4,1,11,8,16,-1,0,-20,-26,-33,-17,-53,-26,-95,-98,-145,-65,-175,-183,-170,-185,-377,-368,-413,-361,-452,-451,-550,-544,-560,-545]} 1. d4 d5 2. Bf4 c5 3. e3 cxd4 4. exd4 Nc6 5. c3 Bf5 (5... Nf6 6. Bd3 Bg4 7. Qb3 Qc8 8. Nd2 e6 9. Ngf3 Bh5 10. O-O Be7 11. Rae1 a6 12. Qc2 Bg6 13. Ne5 Nxd4 14. Qa4+ Nc6 15. Nxg6 hxg6 16. Nf3 b5 17. Qd1 Qd7 18. a4 bxa4 19. Qxa4 {1-0 (84) Nakamura,H (2780)-Topalov,V (2749) Saint Louis 2017}) 6. Bd3 {B13: Caro-Kann: Exchange Variation and Panov-Botvinnik Attack} Bxd3 7. Qxd3 e6 8. Nf3 Nge7 $146 ({Predecessor:} 8... Bd6 9. Bxd6 Qxd6 10. Nbd2 Nge7 11. O-O f6 12. Rfe1 Kf7 13. b4 {0-1 (53) Tikkanen,H (2520)-Dastan,B (2569) Batumi 2018}) 9. O-O Ng6 10. Bg3 {LiveBook: 3 Games} Bd6 11. Re1 O-O 12. Nbd2 Rb8 13. Qe3 Nce7 14. Bxd6 Nf5 15. Qd3 Nxd6 16. g3 Qc7 17. h4 {[%cal Bh2h4,Bh4h5][%mdl 32]} h6 18. h5 Ne7 19. Re2 Rfc8 20. Rae1 b5 21. Ne5 Nc6 22. Qf3 (22. Nxc6 $11 Qxc6 23. a3) 22... b4 $17 23. Nb3 bxc3 (23... Nxe5 $17 24. dxe5 Ne4 25. cxb4 Rxb4) 24. bxc3 (24. Nxc6 $1 $15 Qxc6 25. Rc2) 24... Nxe5 $19 {[%mdl 64] [#] Discovered Attack} 25. dxe5 Ne4 26. Rxe4 $2 (26. Rc1) 26... dxe4 27. Qxe4 Qc4 28. Qf3 Qxc3 {Black is clearly winning.} 29. Re3 Qb2 30. Re2 Rc2 {Accuracy: White = 15%, Black = 57%.} 0-1

[Event "24th Bosnjaci Open 2019"]
[Site "Bosnjaci"]
[Date "2019.01.06"]
[Round "6.6"]
[White "Sipic, Hrvoje"]
[Black "Muratovic, Efim"]
[Result "0-1"]
[WhiteElo "2213"]
[BlackElo "2389"]
[Annotator "TA"]
[PlyCount "132"]
[EventDate "2019.01.03"]
[EventType "swiss"]
[EventCountry "CRO"]
[SourceTitle "playchess.com"]
[Source "ChessBase"]
[SourceQuality "1"]

{[%evp 22,132,22,7,25,3,12,-21,-30,-30,-28,-165,-131,-166,-62,-81,-54,-77,-31,-25,-39,-93,0,0,-7,-6,0,-7,0,-11,-12,-22,0,-8,-3,-66,-65,-56,-52,-63,-63,-58,-33,-48,-54,-81,-83,-108,-13,-15,0,-2,-2,-8,-8,-47,-44,-33,-41,-138,-138,-157,-131,-96,-80,-281,-21,-14,-5,-6,-6,-62,-62,-62,-62,-62,-29,-62,-22,-29,-29,-29,-29,-29,-29,-39,-39,-40,-40,-47,-47,-62,-62,-62,-62,-62,-62,-137,-137,-137,-137,-137,-137,-137,-137,-137,0,-137,-117,-137,-117,-137,-117]} 1. d4 Nf6 2. Bf4 e6 3. Nf3 b6 4. e3 Bb7 5. Bd3 Be7 6. h3 O-O 7. Nbd2 c5 8. c3 d6 9. Qe2 Nc6 10. O-O Re8 11. e4 {A47: 1 d4 Nf6 2 Nf3 b6: Torre, London and Colle Systems} cxd4 (11... g6 12. Bg5 Nh5 13. Bxe7 Qxe7 14. g3 cxd4 15. cxd4 Rec8 16. a3 e5 17. d5 Nb8 18. Rac1 Nd7 {½-½ (29) Golubov,S (2497)-Liu,Y (2402) Poprad 2016}) 12. cxd4 {LiveBook: 4 Games} e5 13. dxe5 $146 {White has an edge.} ({Predecessor:} 13. Be3 exd4 14. Nxd4 Bf8 15. Bb5 Nxd4 16. Bxd4 Re6 17. f3 Nh5 18. Qf2 Nf4 {0-1 (28) Slanina,M (2164)-Szwed,J (2361) Czechia 2013}) 13... dxe5 14. Bxe5 Nxe5 15. Nxe5 Bc5 16. Nef3 (16. Nec4 $11 {and White has nothing to worry.}) 16... Nh5 $1 $19 {[%cal Rh5f4][%mdl 1024] aiming for ...Nf4. Black has strong compensation.} 17. Bb5 Re6 (17... Nf4 $19 18. Qe1 Re6) 18. Qd3 $1 $15 Rd6 19. Qc3 Rc8 {Strongly threatening ...Bxf2+!} 20. Qe5 $1 {[%cal Re5h5]} g6 21. Bc4 (21. Nb3 $15) 21... Bd4 ({Much worse is} 21... Rxd2 $6 22. Nxd2 Bb4 23. Bxf7+ Kxf7 24. Nf3 $11) (21... Rd7 $17 22. Bb3 Ba6) 22. Nxd4 Rxd4 {[%mdl 64] Double Attack} 23. Bd5 $1 Rxd2 24. Bxb7 Rcc2 25. Bd5 Qf6 26. Qxf6 Nxf6 27. Bb3 $1 $132 {[%mdl 2048] And now e5 would win. White has counterplay} Rxb2 28. Rae1 (28. Rac1 $1 $11) 28... Nd7 29. Rd1 Nc5 30. Rxd2 Rxd2 {[%mdl 4096] Endgame KRB-KRN} 31. Bd5 Kf8 32. g4 f6 33. f3 Nd3 34. f4 Ke7 (34... Nc5 $17 35. Rf2 Rd1+ 36. Rf1 Rd4) 35. h4 $11 h6 36. g5 hxg5 37. fxg5 fxg5 38. Rf7+ Kd6 39. hxg5 Ke5 40. Rxa7 (40. Bc4 $15) 40... Kf4 $1 $17 {[%cal Rf4g3]} 41. Ra3 Ne5 {Hoping for ...Nf3+.} ({Much less strong is} 41... Kxg5 42. Kf1 $15) 42. Kf1 Nf3 {Threatens to win with ...Kg3.} 43. Bc6 $2 {[#]} (43. Bc4 $17) 43... Nxg5 $2 (43... Kg3 $1 $19 {[%csl Gg3][%cal Rd2f2]} 44. Rxf3+ Kxf3 45. e5+ Kg3) 44. e5 $11 Rb2 45. Be8 Kf5 46. Rb3 ({White should play} 46. Re3 $11) 46... Rxb3 $15 47. axb3 {KB-KN} Ne6 48. Kg2 Kxe5 49. Kg3 g5 50. Kg4 Kf6 51. Bc6 Nc5 52. Bd5 $1 Nd3 53. Bg8 Ne5+ 54. Kg3 Kf5 55. Bh7+ Ke6 56. Bg8+ Kd6 57. Kf2 $1 Nd7 58. Kg3 Ke5 59. Bh7 {[#]} ({Better is} 59. Bc4 $15) 59... Kd4 $1 $17 60. Bg8 b5 {[%cal Bb6b5,Bb5b4][%mdl 32]} 61. Bf7 b4 62. Bg8 Kc3 63. Bd5 Kd4 64. Bg8 $1 Ke5 65. Bc4 Nf6 66. Bd3 Ne4+ {Accuracy: White = 48%, Black = 51%.} 0-1

[Event "24th Bosnjaci Open 2019"]
[Site "Bosnjaci"]
[Date "2019.01.06"]
[Round "6.7"]
[White "Beletic, Daniel"]
[Black "Ljikar, Zoran"]
[Result "1-0"]
[WhiteElo "2371"]
[BlackElo "2207"]
[Annotator "NA"]
[PlyCount "45"]
[EventDate "2019.01.03"]
[EventType "swiss"]
[EventCountry "CRO"]
[SourceTitle "playchess.com"]
[Source "ChessBase"]
[SourceQuality "1"]
[TimeControl "5400+30"]

1. Nf3 {[%emt 0:00:30]} d5 {[%emt 0:02:30]} 2. d4 {[%emt 0:03:30]} c5 {[%emt 0:01:30]} 3. e3 {[%emt 0:02:30]} Nc6 {[%emt 0:00:30]} 4. c4 {[%emt 0:01:30]} cxd4 {[%emt 0:06:30]} 5. cxd5 {[%emt 0:07:30]} Qxd5 {[%emt 0:03:30]} 6. Nc3 {[%emt 0:02:30]} Qd8 {[%emt 0:00:30]} 7. exd4 {[%emt 0:00:00]} e6 {[%emt 0:00:30]} 8. Bd3 {[%emt 0:02:00]} Nf6 {[%emt 0:01:30]} 9. O-O {[%emt 0:00:00]} Be7 {[%emt 0:00:00]} 10. a3 {[%emt 0:02:00]} O-O {[%emt 0:00:00]} 11. Bc2 {[%emt 0:00:30]} b6 {[%emt 0:07:30]} 12. Qd3 {[%emt 0:02:30]} Bb7 {[%emt 0:06:30]} 13. Re1 {[%emt 0:01:30]} Rc8 {[%emt 0:01:30]} 14. d5 {[%emt 0:02:30]} exd5 {[%emt 0:04:30]} 15. Bg5 {[%emt 0:00:30]} Ne4 {[%emt 0:04:30]} 16. Nxe4 {[%emt 0:10:30]} dxe4 {[%emt 0:00:30]} 17. Qxe4 {[%emt 0:00:30]} f5 {[%emt 0:00:30]} 18. Qh4 {[%emt 0:08:30]} Rc7 {[%emt 0:07:30]} 19. Rad1 {[%emt 0:05:30]} Qe8 {[%emt 0:00:30]} 20. Bb3+ {[%emt 0:01:30]} Kh8 {[%emt 0:00:30]} 21. Bd5 {[%emt 0:01:30]} Qg6 {[%emt 0:00:30]} 22. Bxe7 {[%emt 0:01:30]} Nxe7 {[%emt 0:01:30]} 23. Bxb7 {[%emt 0:00:30]} 1-0

[Event "24th Bosnjaci Open 2019"]
[Site "Bosnjaci"]
[Date "2019.01.06"]
[Round "6.8"]
[White "Zovko, Mario"]
[Black "Blagojevic, Marijan"]
[Result "1/2-1/2"]
[WhiteElo "2318"]
[BlackElo "2203"]
[Annotator "NA"]
[PlyCount "33"]
[EventDate "2019.01.03"]
[EventType "swiss"]
[EventCountry "CRO"]
[SourceTitle "playchess.com"]
[Source "ChessBase"]
[SourceQuality "1"]
[TimeControl "5400+30"]

1. e4 {[%emt 0:02:30]} c5 {[%emt 0:00:30]} 2. c3 {[%emt 0:00:30]} d5 {[%emt 0:03:30]} 3. exd5 {[%emt 0:00:30]} Qxd5 {[%emt 0:00:30]} 4. d4 {[%emt 0:00:30]} Nc6 {[%emt 0:02:30]} 5. Nf3 {[%emt 0:00:30]} Nf6 {[%emt 0:05:30]} 6. Be3 $11 {[%emt 0:03:30] LiveBook: 289 Games} cxd4 {[%emt 0:04:30]} 7. cxd4 {[%emt 0:02:30]} e6 {[%emt 0:02:30]} 8. a3 {[%emt 0:02:30]} Be7 {[%emt 0:00:30]} 9. Nc3 {[%emt 0:00:00]} Qa5 {[%emt 0:05:30]} 10. b4 {[%emt 0:03:00]} Qd8 {[%emt 0:02:30]} 11. Bb5 {[%emt 0:04:30]} O-O {[%emt 0:00:30]} 12. O-O {[%emt 0:00:00]} a5 {[%emt 0:03:30]} 13. bxa5 {[%emt 0:09:00]} Rxa5 {[%emt 0:01:30]} 14. a4 {[%emt 0:01:30]} Nb4 {[%emt 0:06:30]} 15. Qb3 {[%emt 0:03:30]} b6 {[%emt 0:09:30]} 16. Ne5 {[%emt 0:06:30]} Bb7 {[%emt 0:03:30]} 17. Rfd1 {[%emt 0:00:30]} 1/2-1/2

[Event "24th Bosnjaci Open 2019"]
[Site "Bosnjaci"]
[Date "2019.01.08"]
[Round "6.9"]
[White "Babic, Zvonko"]
[Black "Klasan, Vladimir"]
[Result "1/2-1/2"]
[WhiteElo "2190"]
[BlackElo "2364"]
[Annotator "ChessBase"]
[PlyCount "57"]
[EventDate "2019.01.03"]
[EventType "swiss"]
[EventCountry "CRO"]
[TimeControl "5400+30"]

1. Nf3 {[%emt 0:00:30]} c5 {[%emt 0:02:30]} 2. e4 {[%emt 0:00:00]} Nc6 {[%emt 0:00:30]} 3. d4 {[%emt 0:01:00]} cxd4 {[%emt 0:00:30]} 4. Nxd4 {[%emt 0:00:30]} Nf6 {[%emt 0:00:30]} 5. Nc3 {[%emt 0:00:00]} d6 {[%emt 0:00:00]} 6. Bc4 {[%emt 0:01:00]} Qb6 {[%emt 0:01:00]} 7. Nb3 {[%emt 0:02:30]} e6 {[%emt 0:00:30]} 8. O-O {[%emt 0:01:30]} a6 {[%emt 0:00:30]} 9. a4 {[%emt 0:02:30]} Qc7 {[%emt 0:10:30]} 10. f4 {[%emt 0:08:30]} Be7 {[%emt 0:07:30]} 11. Be2 {[%emt 0:03:30]} O-O {[%emt 0:04:30]} 12. Be3 {[%emt 0:03:30]} b6 {[%emt 0:04:30]} 13. Bf3 {[%emt 0:01:30]} Bb7 {[%emt 0:02:30]} 14. Qe1 {[%emt 0:00:30]} Rfe8 {[%emt 0:05:30]} 15. Rd1 {[%emt 0:01:30]} Nd7 {[%emt 0:08:30]} 16. Qg3 {[%emt 0:05:30]} Rac8 {[%emt 0:06:30]} 17. Kh1 {[%emt 0:02:30]} Bf6 {[%emt 0:02:30]} 18. Nd4 {[%emt 0:04:30]} Na5 {[%emt 0:02:30]} 19. f5 {[%emt 0:11:30]} Nc4 {[%emt 0:03:30]} 20. Bc1 {[%emt 0:08:30]} e5 {[%emt 0:02:30]} 21. Nde2 {[%emt 0:00:30]} Be7 {[%emt 0:03:30]} 22. Qf2 {[%emt 0:11:30]} Bc6 {[%emt 0:07:30]} 23. g4 {[%emt 0:04:30]} b5 {[%emt 0:00:30]} 24. axb5 {[%emt 0:02:30]} axb5 {[%emt 0:00:30]} 25. g5 {[%emt 0:01:30]} b4 {[%emt 0:01:30]} 26. Nb1 {[%emt 0:01:40]} Qb7 {[%emt 0:01:30]} 27. Ng3 {[%emt 0:00:23]} f6 {[%emt 0:05:01]} 28. g6 {[%emt 0:01:28]} h6 {[%emt 0:00:30]} 29. Nh5 {[%emt 0:02:13]} 1/2-1/2

[Event "24th Bosnjaci Open 2019"]
[Site "Bosnjaci"]
[Date "2019.01.06"]
[Round "6.10"]
[White "Goric, Esad"]
[Black "Slobodjanac, Sinisa"]
[Result "1-0"]
[WhiteElo "2260"]
[BlackElo "1797"]
[Annotator "NA"]
[PlyCount "93"]
[EventDate "2019.01.03"]
[EventType "swiss"]
[EventCountry "CRO"]
[SourceTitle "playchess.com"]
[Source "ChessBase"]
[SourceQuality "1"]
[TimeControl "5400+30"]

1. Nf3 {[%emt 0:00:30]} Nf6 {[%emt 0:00:30]} 2. b3 {[%emt 0:00:00]} d6 {[%emt 0:00:00]} 3. d4 {[%emt 0:00:00]} c6 {[%emt 0:01:00]} 4. Bb2 {[%emt 0:00:30]} Nbd7 {[%emt 0:00:30]} 5. e3 {[%emt 0:00:00]} Qc7 {[%emt 0:00:30]} 6. Be2 {[%emt 0:00:00]} e5 {[%emt 0:00:30]} 7. c4 {[%emt 0:00:30]} Be7 {[%emt 0:00:30]} 8. Nc3 {[%emt 0:00:00]} O-O {[%emt 0:00:00]} 9. O-O {[%emt 0:00:00]} a6 {[%emt 0:00:00]} 10. Rc1 {[%emt 0:00:30]} Re8 {[%emt 0:01:30]} 11. Qc2 {[%emt 0:00:30]} Bf8 {[%emt 0:19:30]} 12. Rfd1 {[%emt 0:03:30]} g6 {[%emt 0:08:30]} 13. Qb1 {[%emt 0:00:30]} Bg7 {[%emt 0:03:30]} 14. Qa1 {[%emt 0:00:30]} exd4 {[%emt 0:21:30]} 15. Rxd4 {[%emt 0:03:30]} Ne5 {[%emt 0:12:30]} 16. Rcd1 {[%emt 0:04:30]} Nxf3+ {[%emt 0:01:30]} 17. Bxf3 {[%emt 0:00:00]} Rd8 {[%emt 0:00:30]} 18. R4d2 {[%emt 0:00:00]} Ne8 {[%emt 0:10:52]} 19. Ne4 {[%emt 0:01:30]} Bxb2 {[%emt 0:00:31]} 20. Qxb2 {[%emt 0:00:00]} Qe7 {[%emt 0:00:08]} 21. Qa3 {[%emt 0:01:00]} Qe5 {[%emt 0:02:25]} 22. Nxd6 {[%emt 0:00:30]} Nxd6 {[%emt 0:00:15]} 23. Rxd6 {[%emt 0:00:30]} Rxd6 {[%emt 0:00:13]} 24. Qxd6 {[%emt 0:00:00]} Qxd6 {[%emt 0:00:32]} 25. Rxd6 {[%emt 0:00:00]} Be6 {[%emt 0:00:09]} 26. Be2 {[%emt 0:02:30]} a5 {[%emt 0:00:54]} 27. a3 {[%emt 0:00:30]} Kf8 {[%emt 0:00:05]} 28. f3 {[%emt 0:00:30]} Ke7 {[%emt 0:00:15]} 29. Rd2 {[%emt 0:00:30]} b6 {[%emt 0:01:40]} 30. Kf2 {[%emt 0:00:30]} Rb8 {[%emt 0:01:25]} 31. e4 {[%emt 0:00:30]} c5 {[%emt 0:00:50]} 32. Ke3 {[%emt 0:01:30]} a4 {[%emt 0:07:22]} 33. Rb2 {[%emt 0:03:30]} Ra8 {[%emt 0:01:22]} 34. b4 {[%emt 0:00:30]} Rd8 {[%emt 0:01:48]} 35. bxc5 {[%emt 0:00:30]} bxc5 {[%emt 0:00:09]} 36. Rb5 {[%emt 0:00:30]} Kd6 {[%emt 0:00:33]} 37. Kd3 {[%emt 0:02:30]} Kc6+ {[%emt 0:02:56]} 38. Kc3 {[%emt 0:00:00]} Bd7 {[%emt 0:01:10]} 39. f4 {[%emt 0:01:00]} f6 {[%emt 0:00:43]} 40. Bf3 {[%emt 0:01:30]} Kd6 {[%emt 0:00:16]} 41. e5+ {[%emt 0:01:30]} fxe5 {[%emt 0:00:23]} 42. fxe5+ {[%emt 0:00:30]} Kxe5 {[%emt 0:00:17]} 43. Rxc5+ {[%emt 0:00:00]} Kd6 {[%emt 0:00:48]} 44. Ra5 {[%emt 0:01:00]} Rb8 {[%emt 0:00:17]} 45. c5+ {[%emt 0:01:30]} Kc7 {[%emt 0:01:04]} 46. Ra7+ {[%emt 0:00:30]} Kc8 {[%emt 0:00:25]} 47. Ra8 {[%emt 0:00:30]} 1-0

[Event "24th Bosnjaci Open 2019"]
[Site "Bosnjaci"]
[Date "2019.01.08"]
[Round "6.11"]
[White "Katic, Zeljko"]
[Black "Cvitan, Ena"]
[Result "0-1"]
[WhiteElo "2035"]
[BlackElo "2201"]
[Annotator "ChessBase"]
[PlyCount "72"]
[EventDate "2019.01.03"]
[EventType "swiss"]
[EventCountry "CRO"]
[TimeControl "5400+30"]

1. Nf3 {[%emt 0:00:30]} d5 {[%emt 0:00:30]} 2. b3 {[%emt 0:01:30]} Nf6 {[%emt 0:00:30]} 3. Bb2 {[%emt 0:00:30]} e6 {[%emt 0:00:00]} 4. e3 {[%emt 0:00:00]} Bd6 {[%emt 0:00:00]} 5. Be2 {[%emt 0:01:00]} O-O {[%emt 0:03:30]} 6. O-O {[%emt 0:00:30]} b6 {[%emt 0:00:30]} 7. Bd3 {[%emt 0:02:30]} Nbd7 {[%emt 0:04:30]} 8. c4 {[%emt 0:07:30]} e5 {[%emt 0:08:30]} 9. Bf5 {[%emt 0:04:30]} e4 {[%emt 0:04:30]} 10. Nd4 {[%emt 0:02:30]} dxc4 {[%emt 0:07:30]} 11. bxc4 {[%emt 0:02:30]} Ne5 {[%emt 0:01:30]} 12. Qc2 {[%emt 0:04:30]} c5 {[%emt 0:02:30]} 13. Bxc8 {[%emt 0:00:30]} Qxc8 {[%emt 0:00:30]} 14. Ne2 {[%emt 0:01:30]} Nf3+ {[%emt 0:01:30]} 15. Kh1 {[%emt 0:01:30]} Nxh2 {[%emt 0:00:30]} 16. Bxf6 {[%emt 0:10:30]} Nxf1 {[%emt 0:05:30]} 17. Qxe4 {[%emt 0:06:30]} Qe6 {[%emt 0:02:30]} 18. Qxe6 {[%emt 0:07:30]} fxe6 {[%emt 0:00:00]} 19. Bh4 {[%emt 0:00:30]} g5 {[%emt 0:04:00]} 20. Kg1 {[%emt 0:01:30]} Nxd2 {[%emt 0:06:30]} 21. Nxd2 {[%emt 0:02:30]} gxh4 {[%emt 0:00:30]} 22. Ne4 {[%emt 0:00:30]} Be5 {[%emt 0:00:30]} 23. Rb1 {[%emt 0:00:30]} Rad8 {[%emt 0:00:30]} 24. Rc1 {[%emt 0:02:30]} Rd3 {[%emt 0:00:30]} 25. N2c3 {[%emt 0:09:30]} Rfd8 {[%emt 0:02:30]} 26. a4 {[%emt 0:04:30]} Bxc3 {[%emt 0:02:30]} 27. Nxc3 {[%emt 0:00:00]} Rd2 {[%emt 0:00:30]} 28. f3 {[%emt 0:01:00]} Rb2 {[%emt 0:00:30]} 29. Ne4 {[%emt 0:00:30]} Rd3 {[%emt 0:01:30]} 30. Re1 {[%emt 0:05:30]} Rdb3 {[%emt 0:02:30]} 31. Kh2 {[%emt 0:00:30]} Rb1 {[%emt 0:00:30]} 32. Re2 {[%emt 0:00:30]} R3b2 {[%emt 0:00:00]} 33. Rxb2 {[%emt 0:03:20]} Rxb2 {[%emt 0:00:00]} 34. a5 {[%emt 0:00:15]} bxa5 {[%emt 0:00:30]} 35. Nxc5 {[%emt 0:00:05]} Rc2 {[%emt 0:00:30]} 36. Nxe6 {[%emt 0:00:17]} Rxc4 {[%emt 0:00:30]} 0-1

[Event "24th Bosnjaci Open 2019"]
[Site "Bosnjaci"]
[Date "2019.01.06"]
[Round "6.12"]
[White "Golub, Nikolina"]
[Black "Dabic, Stjepan"]
[Result "0-1"]
[WhiteElo "1925"]
[BlackElo "2077"]
[Annotator "NA"]
[PlyCount "106"]
[EventDate "2019.01.03"]
[EventType "swiss"]
[EventCountry "CRO"]
[SourceTitle "playchess.com"]
[Source "ChessBase"]
[SourceQuality "1"]
[TimeControl "5400+30"]

1. e4 {[%emt 0:00:30]} c5 {[%emt 0:00:30]} 2. Nf3 {[%emt 0:00:00]} d6 {[%emt 0:00:00]} 3. d4 {[%emt 0:00:00]} cxd4 {[%emt 0:00:00]} 4. Nxd4 {[%emt 0:00:00]} Nf6 {[%emt 0:00:30]} 5. Nc3 {[%emt 0:00:00]} g6 {[%emt 0:00:30]} 6. Be3 {[%emt 0:00:00]} Bg7 {[%emt 0:00:00]} 7. Be2 {[%emt 0:00:00]} O-O {[%emt 0:00:00]} 8. O-O {[%emt 0:00:00]} Nc6 {[%emt 0:00:30]} 9. h3 {[%emt 0:01:00]} d5 {[%emt 0:01:30]} 10. exd5 {[%emt 0:02:30]} Nxd5 {[%emt 0:00:30]} 11. Nxd5 {[%emt 0:03:30]} Qxd5 {[%emt 0:06:30]} 12. Bf3 {[%emt 0:03:30]} Qc4 {[%emt 0:01:30]} 13. Nxc6 {[%emt 0:01:30]} bxc6 {[%emt 0:00:30]} 14. c3 {[%emt 0:11:30]} Bf5 {[%emt 0:16:30]} 15. Qb3 {[%emt 0:04:30]} Qa6 {[%emt 0:02:30]} 16. a4 {[%emt 0:07:30]} e5 {[%emt 0:04:30]} 17. Rfe1 {[%emt 0:03:30]} Bd3 {[%emt 0:00:30]} 18. Bc5 {[%emt 0:02:30]} Rfe8 {[%emt 0:01:30]} 19. Be4 {[%emt 0:07:30]} Bc4 {[%emt 0:01:30]} 20. Qa3 {[%emt 0:01:30]} f5 {[%emt 0:02:30]} 21. Bc2 {[%emt 0:00:30]} Qb7 {[%emt 0:01:30]} 22. b3 {[%emt 0:02:30]} Bd5 {[%emt 0:00:30]} 23. b4 {[%emt 0:00:30]} Qf7 {[%emt 0:03:30]} 24. Rad1 {[%emt 0:03:30]} a6 {[%emt 0:02:30]} 25. f3 {[%emt 0:04:30]} Kh8 {[%emt 0:03:30]} 26. Re2 {[%emt 0:05:30]} Rad8 {[%emt 0:04:30]} 27. Ree1 {[%emt 0:05:30]} Bf6 {[%emt 0:03:30]} 28. Rb1 {[%emt 0:05:30]} Bh4 {[%emt 0:12:30]} 29. Bf2 {[%emt 0:05:30]} Bxf2+ {[%emt 0:00:30]} 30. Kxf2 {[%emt 0:00:00]} Qa7+ {[%emt 0:00:30]} 31. Kg3 {[%emt 0:01:00]} f4+ {[%emt 0:00:30]} 32. Kh2 {[%emt 0:00:00]} Qf2 {[%emt 0:00:30]} 33. Be4 {[%emt 0:02:11]} Be6 {[%emt 0:00:30]} 34. Rg1 {[%emt 0:03:21]} Bxh3 {[%emt 0:04:30]} 35. Rb2 {[%emt 0:00:16]} Qg3+ {[%emt 0:00:30]} 36. Kh1 {[%emt 0:00:03]} Bf5 {[%emt 0:00:30]} 37. Rf1 {[%emt 0:01:13]} Bxe4 {[%emt 0:01:30]} 38. fxe4 {[%emt 0:00:05]} Rd3 {[%emt 0:00:30]} 39. Qb3 {[%emt 0:01:14]} Kg7 {[%emt 0:01:30]} 40. Qc4 {[%emt 0:01:46]} Rxc3 {[%emt 0:01:30]} 41. Qxa6 {[%emt 0:00:06]} Rf8 {[%emt 0:04:19]} 42. Rbf2 {[%emt 0:05:29]} Qh4+ {[%emt 0:04:09]} 43. Kg1 {[%emt 0:00:07]} g5 {[%emt 0:00:42]} 44. Qb7+ {[%emt 0:00:22]} Rf7 {[%emt 0:00:24]} 45. Qb8 {[%emt 0:00:11]} Re7 {[%emt 0:00:19]} 46. Rd2 {[%emt 0:01:01]} Qh5 {[%emt 0:04:01]} 47. Rd8 {[%emt 0:00:10]} Qf7 {[%emt 0:00:05]} 48. a5 {[%emt 0:01:02]} g4 {[%emt 0:00:44]} 49. a6 {[%emt 0:00:40]} f3 {[%emt 0:00:58]} 50. g3 {[%emt 0:00:37]} Rc2 {[%emt 0:01:15]} 51. Rf2 {[%emt 0:05:31]} Rxf2 {[%emt 0:02:05]} 52. a7 {[%emt 0:02:22]} Rg2+ {[%emt 0:00:16]} 53. Kf1 {[%emt 0:00:11]} Qc4+ {[%emt 0:00:11]} 0-1

[Event "24th Bosnjaci Open 2019"]
[Site "Bosnjaci"]
[Date "2019.01.06"]
[Round "6.13"]
[White "Tomljenovic, Mile"]
[Black "Ivekovic, Tihana"]
[Result "0-1"]
[WhiteElo "1794"]
[BlackElo "2071"]
[Annotator "NA"]
[PlyCount "52"]
[EventDate "2019.01.03"]
[EventType "swiss"]
[EventCountry "CRO"]
[SourceTitle "playchess.com"]
[Source "ChessBase"]
[SourceQuality "1"]
[TimeControl "5400+30"]

1. e4 {[%emt 0:00:30]} c5 {[%emt 0:00:30]} 2. Nc3 {[%emt 0:00:00]} e6 {[%emt 0:00:00]} 3. Nf3 {[%emt 0:00:00]} a6 {[%emt 0:00:00]} 4. a3 {[%emt 0:00:30]} Nc6 {[%emt 0:00:00]} 5. Bc4 {[%emt 0:00:30]} b5 {[%emt 0:00:00]} 6. Ba2 {[%emt 0:00:30]} Nf6 {[%emt 0:00:30]} 7. d3 {[%emt 0:00:00]} Qc7 {[%emt 0:00:30]} 8. Bg5 {[%emt 0:01:00]} Be7 {[%emt 0:00:30]} 9. O-O {[%emt 0:00:30]} O-O {[%emt 0:01:30]} 10. Qd2 {[%emt 0:08:30]} Bb7 {[%emt 0:04:30]} 11. Ne2 {[%emt 0:03:30]} Rad8 {[%emt 0:04:30]} 12. Ng3 {[%emt 0:03:30]} d6 {[%emt 0:06:30]} 13. c3 {[%emt 0:05:30]} Ne5 {[%emt 0:00:30]} 14. Nxe5 {[%emt 0:01:30]} dxe5 {[%emt 0:00:30]} 15. Bxf6 {[%emt 0:00:30]} Bxf6 {[%emt 0:00:30]} 16. Rad1 {[%emt 0:01:30]} g6 {[%emt 0:02:30]} 17. Qe2 {[%emt 0:00:30]} Rd6 {[%emt 0:02:30]} 18. Qg4 {[%emt 0:01:30]} Bg7 {[%emt 0:00:00]} 19. h4 {[%emt 0:00:30]} Qd7 {[%emt 0:02:00]} 20. Bb1 {[%emt 0:00:30]} f5 {[%emt 0:01:30]} 21. exf5 {[%emt 0:03:30]} exf5 {[%emt 0:00:30]} 22. Qe2 {[%emt 0:00:30]} Kh8 {[%emt 0:04:30]} 23. f3 {[%emt 0:05:30]} Qd8 {[%emt 0:02:30]} 24. h5 {[%emt 0:00:30]} Qg5 {[%emt 0:00:30]} 25. Qf2 {[%emt 0:00:30]} gxh5 {[%emt 0:00:30]} 26. Qxc5 {[%emt 0:00:30]} Rg6 {[%emt 0:00:30]} 0-1